Structured program design using JSP
| Main Author: | |
|---|---|
| Format: | Book |
| Published: |
Convent Garden :
London ,
1988
|
| Edition: | 2nd. ed |
| Subjects: |
MARC
| LEADER | 00000cam a2200000 7i4500 | ||
|---|---|---|---|
| 001 | 0000008624 | ||
| 005 | 20160923.0 | ||
| 020 | |a 0091732069 | ||
| 040 | |a INS | ||
| 090 | 0 | 0 | |a QA76.6 |b B88 1988 |
| 100 | 1 | |a Burgess, Rool S. | |
| 245 | 1 | 0 | |a Structured program design using JSP |c Rool S. Burgess |
| 250 | |a 2nd. ed | ||
| 260 | |a Convent Garden : |b London , |c 1988 | ||
| 300 | |a 221p ; |c 24 cm. | ||
| 650 | 0 | |a Jackson structured programming | |
| 650 | 0 | 0 | |a System design |
| 999 | |a 0000023671 |b BOOK |c Open Shelf |e Default branch | ||